| 000 | 00684nam a22001937a 4500 | ||
|---|---|---|---|
| 005 | 20160727102206.0 | ||
| 010 | _aENG-115542 | ||
| 020 |
_a9789351480563 _c590.00 |
||
| 020 |
_a9351480569 _c590.00 |
||
| 035 | _aEN-99074 | ||
| 037 | _bDBAD/PUB | ||
| 082 | _a280.66 | ||
| 100 | _aKhandpekar,Neeta M. | ||
| 245 |
_aThe Christian missionaries in coastal Maharashtra : _cby Khandpekar Neeta M. _bencapsuling their historical, social, educational, medical & literary endeavours / |
||
| 260 |
_aNew Delhi _bChristian World Imprints _c2013 |
||
| 270 |
_aH-12,Bali Nagar _bNew Delhi _e110015 |
||
| 300 |
_axxiv,,374p. : _c23cm(Hb) _bill |
||
| 942 |
_2ddc _cEN _h280.66 _mKHA |
||
| 999 |
_c101492 _d101492 |
||